[Event "SN-2011-0-00405"]
[Site "LSS email"]
[Date "2011.12.12"]
[Round "?"]
[White "Bozic, Deni"]
[Black "Ruchay, Joachim"]
[Result "1-0"]
[WhiteElo "900"]
[BlackElo "684"]
[PlyCount "47"]
[EventDate "2011.11.13"]
[EventType "tourn (corr)"]
[EventRounds "6"]
[EventCountry "GER"]
[SourceTitle "Telechess CBM 157"]
[Source "ChessBase"]
[SourceDate "2013.11.12"]
[SourceVersion "1"]
[SourceVersionDate "2013.11.12"]
[SourceQuality "1"]

1. e4 e6 2. d4 d5 3. Nc3 Nf6 4. e5 Nfd7 5. a3 c5 6. Nf3 Nc6 7. Be3 Qb6 8. Bb5 a6 9. Bxc6 bxc6 10. Rb1 cxd4 11. Bxd4 c5 12. Bxc5 Bxc5 13. 0-0 Bb7 14. b4 Be7 15. Na4 Qa7 16. Qd2 0-0 17. c4 dxc4 18. Qxd7 Bd5 19. Qxa7 Rxa7 20. Nd4 Rc8 21. Nc5 Bxc5 22. bxc5 Raa8 23. c6 Bxc6 24. Nxc6 1-0

[Event "SN-2011-0-00405"]
[Site "LSS email"]
[Date "2011.12.12"]
[Round "?"]
[White "Ruchay, Joachim"]
[Black "Jokmin, Guido"]
[Result "0-1"]
[WhiteElo "684"]
[BlackElo "678"]
[PlyCount "32"]
[EventDate "2011.11.13"]
[EventType "tourn (corr)"]
[EventRounds "6"]
[EventCountry "GER"]
[SourceTitle "Corr 2015"]
[Source "ChessBase"]
[SourceDate "2015.07.17"]
[SourceVersion "1"]
[SourceVersionDate "2015.07.17"]
[SourceQuality "1"]

1. e4 e5 2. f4 Nc6 3. Nf3 d5 4. exd5 Nd4 5. Nxe5 Qxd5 6. Nc3 Qc5 7. Bc4 Be6 8. Bxe6 Nxe6 9. Qe2 a6 10. d3 0-0-0 11. Be3 Nd4 12. Bxd4 Qxd4 13. Nf3 Qa7 14. Qf2 Re8+ 15. Kf1 Qxf2+ 16. Kxf2 Nf6 0-1

[Event "SN-2011-0-00385"]
[Site "LSS email"]
[Date "2011.10.05"]
[Round "?"]
[White "Pehl, Ferenc"]
[Black "Ruchay, Joachim"]
[Result "0-1"]
[WhiteElo "923"]
[BlackElo "684"]
[PlyCount "80"]
[EventDate "2011.09.19"]
[EventType "tourn (corr)"]
[EventRounds "6"]
[EventCountry "GER"]
[SourceTitle "Telechess CBM 155"]
[Source "ChessBase"]
[SourceDate "2013.07.16"]
[SourceVersion "1"]
[SourceVersionDate "2013.07.16"]
[SourceQuality "1"]

1. e4 e6 2. d4 d5 3. exd5 Qxd5 4. a3 Qd8 5. Nf3 g6 6. Be2 Bg7 7. Be3 Ne7 8. 0-0 0-0 9. h3 Nbc6 10. c3 b6 11. Nbd2 Bb7 12. Nb3 Nf5 13. Bf4 Nce7 14. Bc4 Nd6 15. Bd3 Rc8 16. Qe2 c5 17. dxc5 bxc5 18. Bxd6 Qxd6 19. Bc4 Qf4 20. Nbd2 Bxf3 21. Nxf3 Nd5 22. Bxd5 exd5 23. Qd2 Qxd2 24. Nxd2 Rfe8 25. Rfe1 Kf8 26. Kf1 Rb8 27. Rab1 f5 28. Rxe8+ Rxe8 29. Nb3 Rc8 30. Ke2 Ke7 31. Na5 Kd6 32. Kd3 Re8 33. Rd1 c4+ 34. Kc2 Bh6 35. Kb1 Re2 36. Rf1 Bd2 37. g4 fxg4 38. hxg4 h5 39. gxh5 gxh5 40. Rh1 Re1+ 0-1

[Event "SN-2011-0-00373"]
[Site "LSS email"]
[Date "2011.08.18"]
[Round "?"]
[White "Wallerstorfer, Josef"]
[Black "Ruchay, Joachim"]
[Result "1-0"]
[WhiteElo "880"]
[BlackElo "727"]
[PlyCount "27"]
[EventDate "2011.08.08"]
[EventType "tourn (corr)"]
[EventRounds "6"]
[EventCountry "GER"]
[SourceTitle "Corr 2015"]
[Source "ChessBase"]
[SourceDate "2015.07.17"]
[SourceVersion "1"]
[SourceVersionDate "2015.07.17"]
[SourceQuality "1"]

1. e4 e6 2. d4 d5 3. e5 c5 4. c3 Qb6 5. Nf3 Nc6 6. Be2 cxd4 7. cxd4 Bb4+ 8. Nc3 Nge7 9. 0-0 0-0 10. a3 Bxc3 11. bxc3 Bd7 12. Bg5 Ng6 13. Rb1 f6 14. Rxb6 1-0

[Event "SN-2011-0-00350"]
[Site "LSS email"]
[Date "2011.06.15"]
[Round "?"]
[White "Ruchay, Joachim"]
[Black "Smith, Harry E"]
[Result "0-1"]
[WhiteElo "753"]
[BlackElo "629"]
[PlyCount "34"]
[EventDate "2011.05.31"]
[EventType "tourn (corr)"]
[EventRounds "6"]
[EventCountry "GER"]
[SourceTitle "Corr 2015"]
[Source "ChessBase"]
[SourceDate "2015.07.17"]
[SourceVersion "1"]
[SourceVersionDate "2015.07.17"]
[SourceQuality "1"]

1. e4 e6 2. d4 d5 3. exd5 Qxd5 4. Nf3 c5 5. c3 Nc6 6. Be3 c4 7. Nbd2 Nge7 8. Be2 Nf5 9. 0-0 b5 10. Qc2 Be7 11. b3 cxb3 12. Nxb3 0-0 13. Nfd2 Nh4 14. Nf3 e5 15. dxe5 Nxe5 16. Nbd2 Bf5 17. Nxh4 Bxc2 0-1

[Event "SN-2011-0-00350"]
[Site "LSS email"]
[Date "2011.06.14"]
[Round "?"]
[White "Lombardi, Donato"]
[Black "Ruchay, Joachim"]
[Result "0-1"]
[WhiteElo "900"]
[BlackElo "753"]
[PlyCount "124"]
[EventDate "2011.05.31"]
[EventType "tourn (corr)"]
[EventRounds "6"]
[EventCountry "GER"]
[SourceTitle "Telechess CBM 149"]
[Source "ChessBase"]
[SourceDate "2012.07.17"]
[SourceVersion "1"]
[SourceVersionDate "2012.07.17"]
[SourceQuality "1"]

1. e4 e6 2. d4 d5 3. exd5 Qxd5 4. Nc3 Bb4 5. Nf3 Nc6 6. Bd2 Qd8 7. Bb5 Bd7 8. 0-0 Nge7 9. Re1 a6 10. Ba4 b5 11. Bb3 0-0 12. a3 Ba5 13. d5 Nxd5 14. Nxd5 Bxd2 15. Qxd2 exd5 16. Rad1 Be6 17. Bxd5 Bxd5 18. Qxd5 Qxd5 19. Rxd5 Rad8 20. Red1 Rxd5 21. Rxd5 Rd8 22. Rxd8+ Nxd8 23. Kf1 Kf8 24. Ke2 Ke7 25. Kd3 Kd6 26. Kd4 c5+ 27. Ke4 g6 28. Ng5 h5 29. b3 f6 30. Nf3 Ne6 31. c3 f5+ 32. Kd3 Nf4+ 33. Kd2 Nxg2 34. Kd3 Nf4+ 35. Ke3 Nd5+ 36. Kd3 Nb6 37. Nh4 c4+ 38. bxc4 Nxc4 39. Nxg6 Ne5+ 40. Nxe5 Kxe5 41. Ke3 f4+ 42. Kd3 h4 43. Ke2 Ke4 44. f3+ Kd5 45. Kd3 a5 46. h3 a4 47. Kc2 Kc4 48. Kb2 Kd3 49. Kc1 Kxc3 50. Kd1 b4 51. axb4 Kxb4 52. Kc2 a3 53. Kb1 Kc3 54. Ka2 Kd3 55. Kxa3 Ke3 56. Kb2 Kxf3 57. Kc2 Kg2 58. Kd3 f3 59. Ke3 f2 60. Kf4 f1Q+ 61. Kg4 Qf3+ 62. Kxh4 Qxh3+ 0-1

[Event "SN-2011-0-00350"]
[Site "LSS email"]
[Date "2011.06.14"]
[Round "?"]
[White "Raines, David T"]
[Black "Ruchay, Joachim"]
[Result "0-1"]
[WhiteElo "1129"]
[BlackElo "753"]
[PlyCount "44"]
[EventDate "2011.05.31"]
[EventType "tourn (corr)"]
[EventRounds "6"]
[EventCountry "GER"]
[SourceTitle "Telechess CBM 149"]
[Source "ChessBase"]
[SourceDate "2012.07.17"]
[SourceVersion "1"]
[SourceVersionDate "2012.07.17"]
[SourceQuality "1"]

1. c4 e5 2. Nc3 Bb4 3. Qc2 Nf6 4. a3 Bxc3 5. Qxc3 d6 6. e3 Bf5 7. Nf3 0-0 8. Be2 Nbd7 9. 0-0 Rc8 10. d4 exd4 11. exd4 Nb6 12. Bg5 h6 13. Bh4 g5 14. Bg3 Re8 15. Rfe1 Qd7 16. Rad1 Re7 17. b4 Rce8 18. Bf1 g4 19. Nh4 Ne4 20. Qb3 Nxg3 21. hxg3 Rxe1 22. Nxf5 Qxf5 0-1

[Event "SN-2011-0-00350"]
[Site "LSS email"]
[Date "2011.06.14"]
[Round "?"]
[White "Ruchay, Joachim"]
[Black "Lonyuk, Bohdan"]
[Result "1-0"]
[WhiteElo "753"]
[BlackElo "1001"]
[PlyCount "83"]
[EventDate "2011.05.31"]
[EventType "tourn (corr)"]
[EventRounds "6"]
[EventCountry "GER"]
[SourceTitle "Telechess CBM 149"]
[Source "ChessBase"]
[SourceDate "2012.07.17"]
[SourceVersion "1"]
[SourceVersionDate "2012.07.17"]
[SourceQuality "1"]

1. e4 g6 2. d4 Bg7 3. Bc4 e6 4. c3 a6 5. Nf3 b5 6. Bb3 Bb7 7. Bf4 Bxe4 8. Qe2 Bb7 9. 0-0 d6 10. Nbd2 Nd7 11. Rfe1 Ne7 12. Qd3 c5 13. Bc2 cxd4 14. cxd4 0-0 15. a3 Nb6 16. Re2 Nbd5 17. Bg3 Nf5 18. Nb3 Nxg3 19. hxg3 Ne7 20. Rae1 Nc8 21. Qe3 Nb6 22. Nbd2 Rc8 23. Bb3 a5 24. Ba2 Nc4 25. Nxc4 bxc4 26. Bb1 d5 27. Ne5 Ba6 28. Qc3 Qc7 29. Bc2 Rb8 30. Ba4 f6 31. Nf3 Bb5 32. Bxb5 Rxb5 33. Rxe6 Rb3 34. Qc2 Qb7 35. Re7 Qb8 36. Rd7 Rxb2 37. Qc1 Qb5 38. Ree7 Qxd7 39. Rxd7 Rfb8 40. Qe3 R2b3 41. Qe7 Rb1+ 42. Kh2 1-0

[Event "SN-2011-0-00350"]
[Site "LSS email"]
[Date "2011.06.14"]
[Round "?"]
[White "Ruchay, Joachim"]
[Black "Martin, Hector Eduardo Lope"]
[Result "0-1"]
[WhiteElo "861"]
[BlackElo "1074"]
[PlyCount "36"]
[EventDate "2011.05.31"]
[EventType "tourn (corr)"]
[EventRounds "6"]
[EventCountry "GER"]
[SourceTitle "Corr 2022"]
[Source "ChessBase"]
[SourceDate "2021.10.24"]
[SourceVersion "1"]
[SourceVersionDate "2021.10.24"]
[SourceQuality "1"]

1. e4 e5 2. f4 f6 3. f5 g6 4. g4 Nc6 5. Nf3 d6 6. h4 d5 7. Bd3 gxf5 8. gxf5 Nh6 9. Nh2 Nb4 10. Qe2 c5 11. Bb5+ Bd7 12. Bxd7+ Qxd7 13. d3 d4 14. Bxh6 Bxh6 15. Na3 0-0-0 16. c3 Na6 17. cxd4 cxd4 18. Rc1+ Bxc1 0-1

[Event "SN-2011-0-00319"]
[Site "LSS email"]
[Date "2011.03.07"]
[Round "?"]
[White "Ruchay, Joachim"]
[Black "Raines, David T"]
[Result "0-1"]
[WhiteElo "640"]
[BlackElo "1021"]
[PlyCount "50"]
[EventDate "2011.02.21"]
[EventType "tourn (corr)"]
[EventRounds "6"]
[EventCountry "GER"]
[SourceTitle "Telechess CBM 147"]
[Source "ChessBase"]
[SourceDate "2012.03.16"]
[SourceVersion "1"]
[SourceVersionDate "2012.03.16"]
[SourceQuality "1"]

1. e4 e6 2. d4 c6 3. c4 d5 4. cxd5 cxd5 5. exd5 exd5 6. Bb5+ Bd7 7. Bxd7+ Nxd7 8. Nf3 Ngf6 9. 0-0 Be7 10. Bg5 0-0 11. Nc3 h6 12. Bh4 Nb6 13. Ne5 Nc4 14. Nxc4 dxc4 15. Re1 a6 16. Bg3 b5 17. Be5 Re8 18. Qf3 Qd7 19. Re2 Qg4 20. Qxg4 Nxg4 21. Rae1 Nxe5 22. Rxe5 Kf8 23. Nd5 Bd6 24. Rxe8+ Rxe8 25. Nc3 Rxe1# 0-1

[Event "SN-2011-0-00319"]
[Site "LSS email"]
[Date "2011.03.07"]
[Round "?"]
[White "Ruchay, Joachim"]
[Black "Secondi, Alberto"]
[Result "1-0"]
[WhiteElo "640"]
[BlackElo "542"]
[PlyCount "37"]
[EventDate "2011.02.21"]
[EventType "tourn (corr)"]
[EventRounds "6"]
[EventCountry "GER"]
[SourceTitle "Telechess CBM 147"]
[Source "ChessBase"]
[SourceDate "2012.03.16"]
[SourceVersion "1"]
[SourceVersionDate "2012.03.16"]
[SourceQuality "1"]

1. e4 d6 2. d4 g6 3. Nc3 Bg7 4. Be3 Nf6 5. Nf3 0-0 6. Bc4 e5 7. dxe5 dxe5 8. Nxe5 Qxd1+ 9. Rxd1 Bd7 10. Bg5 Re8 11. Bxf6 Bxf6 12. Nxd7 Bxc3+ 13. bxc3 Nc6 14. Nf6+ Kf8 15. Nxe8 Rxe8 16. f3 Ne5 17. Bb3 b5 18. 0-0 a5 19. a3 1-0

[Event "OP-2011-0-01418"]
[Site "LSS email"]
[Date "2011.02.23"]
[Round "?"]
[White "Ruchay, Joachim"]
[Black "Mori, Roberto"]
[Result "0-1"]
[WhiteElo "675"]
[BlackElo "601"]
[PlyCount "42"]
[EventDate "2011.02.20"]
[EventType "tourn (corr)"]
[EventRounds "4"]
[EventCountry "GER"]
[SourceTitle "Telechess CBM 145"]
[Source "Chessbase"]
[SourceDate "2011.11.11"]
[SourceVersion "1"]
[SourceVersionDate "2011.11.11"]
[SourceQuality "1"]

1. e4 e5 2. f4 exf4 3. Nf3 Nf6 4. d3 Bc5 5. Bxf4 0-0 6. Nbd2 h6 7. d4 Bb6 8. Bc4 d6 9. 0-0 Bg4 10. c3 Nc6 11. b4 a5 12. b5 Ne7 13. a4 Ng6 14. Qc2 Nxf4 15. h3 Bd7 16. Nh2 Be6 17. Bd3 N6h5 18. Rae1 Qg5 19. Ndf3 Qg6 20. e5 Nxh3+ 21. Kh1 Ng3# 0-1

[Event "OP-2011-0-01418"]
[Site "LSS email"]
[Date "2011.02.23"]
[Round "?"]
[White "Tot, Zoltan M"]
[Black "Ruchay, Joachim"]
[Result "1-0"]
[WhiteElo "707"]
[BlackElo "675"]
[PlyCount "63"]
[EventDate "2011.02.20"]
[EventType "tourn (corr)"]
[EventRounds "4"]
[EventCountry "GER"]
[SourceTitle "Telechess CBM 145"]
[Source "Chessbase"]
[SourceDate "2011.11.11"]
[SourceVersion "1"]
[SourceVersionDate "2011.11.11"]
[SourceQuality "1"]

1. e4 e6 2. Bc4 d5 3. exd5 exd5 4. Bb3 Nf6 5. d4 Bd6 6. Nf3 0-0 7. Nc3 c6 8. 0-0 Bg4 9. h3 Bh5 10. Re1 Qd7 11. Na4 b6 12. Nc3 Na6 13. a3 Nc7 14. Na4 Rae8 15. Be3 Ne4 16. Nc3 Nxc3 17. bxc3 Re7 18. c4 Rfe8 19. g4 Bg6 20. c5 bxc5 21. Ne5 Bxe5 22. dxe5 Rxe5 23. Qd2 h5 24. Bxc5 hxg4 25. Bd4 Rxe1+ 26. Rxe1 gxh3 27. Rxe8+ Nxe8 28. Qf4 Qe6 29. Qh4 Be4 30. Qg3 Bg2 31. Bc3 d4 32. Bxe6 1-0

[Event "ZN-2010-0-01246"]
[Site "LSS email"]
[Date "2010.12.20"]
[Round "?"]
[White "Varas, Pablo"]
[Black "Ruchay, Joachim"]
[Result "1-0"]
[WhiteElo "1022"]
[BlackElo "686"]
[PlyCount "55"]
[EventDate "2010.12.16"]
[EventType "match (corr)"]
[EventRounds "2"]
[EventCountry "GER"]
[SourceTitle "Telechess CBM 145"]
[Source "Chessbase"]
[SourceDate "2011.11.11"]
[SourceVersion "1"]
[SourceVersionDate "2011.11.11"]
[SourceQuality "1"]

1. d4 d5 2. c4 e6 3. e3 Nf6 4. Nf3 Bb4+ 5. Bd2 Bxd2+ 6. Nfxd2 0-0 7. Nc3 c6 8. cxd5 cxd5 9. Be2 Nc6 10. Rc1 Re8 11. 0-0 e5 12. dxe5 Rxe5 13. Nf3 Bf5 14. Nxe5 Nxe5 15. Qa4 Qe7 16. Rfd1 Be6 17. Nb5 Bd7 18. Qa3 Qxa3 19. Nxa3 h6 20. Nb5 Bc6 21. Nd4 Rc8 22. f4 Ned7 23. b4 a6 24. a4 Nb6 25. Nxc6 Rxc6 26. Rxc6 bxc6 27. a5 Nc4 28. Rc1 1-0

[Event "ZN-2010-0-01234"]
[Site "LSS email"]
[Date "2010.12.07"]
[Round "?"]
[White "Ruchay, Joachim"]
[Black "Hendershot, Paul"]
[Result "0-1"]
[WhiteElo "675"]
[BlackElo "545"]
[PlyCount "66"]
[EventDate "2010.12.02"]
[EventType "match (corr)"]
[EventRounds "2"]
[EventCountry "GER"]
[SourceTitle "Telechess CBM 145"]
[Source "Chessbase"]
[SourceDate "2011.11.11"]
[SourceVersion "1"]
[SourceVersionDate "2011.11.11"]
[SourceQuality "1"]

1. e4 e5 2. f4 exf4 3. Nf3 d6 4. Bc4 Be7 5. 0-0 d5 6. Bxd5 Nf6 7. Bb3 Nxe4 8. Re1 Bc5+ 9. d4 Bb6 10. Rxe4+ Kf8 11. Bxf4 Bf5 12. Re1 Bg4 13. c3 Nd7 14. Nbd2 Qf6 15. Bg3 c5 16. dxc5 Nxc5 17. Kh1 Nd3 18. Re4 Nxb2 19. Qc2 Bxf3 20. gxf3 g6 21. Be5 Qd8 22. Bxh8 Nd3 23. Re2 Nf4 24. Re4 Qg5 25. Nc4 Rd8 26. Rxf4 Qxf4 27. Qe4 Qc7 28. Be5 Qd7 29. Bd6+ Kg8 30. Rd1 Re8 31. Qf4 Re2 32. Qf6 Bd8 33. Be7 Qh3 0-1

[Event "SN-2010-0-00292"]
[Site "LSS email"]
[Date "2010.12.01"]
[Round "?"]
[White "Goepfert, Christian"]
[Black "Ruchay, Joachim"]
[Result "1-0"]
[WhiteElo "434"]
[BlackElo "675"]
[PlyCount "41"]
[EventDate "2010.11.15"]
[EventType "tourn (corr)"]
[EventRounds "6"]
[EventCountry "GER"]
[SourceTitle "Telechess CBM 145"]
[Source "Chessbase"]
[SourceDate "2011.11.11"]
[SourceVersion "1"]
[SourceVersionDate "2011.11.11"]
[SourceQuality "1"]

1. e4 e6 2. d4 d5 3. Nc3 Bb4 4. e5 c5 5. a3 cxd4 6. axb4 dxc3 7. bxc3 Nc6 8. Nf3 Qc7 9. Bb5 Nge7 10. 0-0 Bd7 11. Bxc6 Nxc6 12. Re1 0-0 13. Ba3 b5 14. Nd4 a6 15. Re3 Nxe5 16. Qh5 Nc4 17. Rh3 h6 18. Rg3 Kh7 19. Bc1 Be8 20. Rxg7+ Kxg7 21. Bxh6+ 1-0

[Event "SN-2010-0-00292"]
[Site "LSS email"]
[Date "2010.12.01"]
[Round "?"]
[White "Pauk, Jozef"]
[Black "Ruchay, Joachim"]
[Result "1-0"]
[WhiteElo "833"]
[BlackElo "675"]
[PlyCount "57"]
[EventDate "2010.11.15"]
[EventType "tourn (corr)"]
[EventRounds "6"]
[EventCountry "GER"]
[SourceTitle "Telechess CBM 145"]
[Source "Chessbase"]
[SourceDate "2011.11.11"]
[SourceVersion "1"]
[SourceVersionDate "2011.11.11"]
[SourceQuality "1"]

1. e4 e6 2. Nf3 d5 3. d3 dxe4 4. dxe4 Qxd1+ 5. Kxd1 Bc5 6. Ke1 Nc6 7. Bb5 Nge7 8. Bf4 Bb6 9. Nc3 Bd7 10. Rd1 Rd8 11. a4 0-0 12. h4 a6 13. Be2 f6 14. e5 Ng6 15. Bg3 fxe5 16. h5 Nf4 17. Kf1 Bc8 18. Bxf4 exf4 19. Ng5 Rxd1+ 20. Bxd1 e5 21. Be2 h6 22. Nf3 Bg4 23. Nd5 Re8 24. Bc4 Bxf3 25. gxf3 Nd4 26. Nxc7+ Kf8 27. Nxe8 Kxe8 28. Kg2 Nxc2 29. Bd5 1-0

[Event "SN-2010-0-00292"]
[Site "LSS email"]
[Date "2010.11.30"]
[Round "?"]
[White "Molina, Vicente Andres"]
[Black "Ruchay, Joachim"]
[Result "1-0"]
[WhiteElo "801"]
[BlackElo "675"]
[PlyCount "67"]
[EventDate "2010.11.15"]
[EventType "tourn (corr)"]
[EventRounds "6"]
[EventCountry "GER"]
[SourceTitle "Telechess CBM 145"]
[Source "Chessbase"]
[SourceDate "2011.11.11"]
[SourceVersion "1"]
[SourceVersionDate "2011.11.11"]
[SourceQuality "1"]

1. c4 e5 2. Nc3 g6 3. g3 Bg7 4. Bg2 c6 5. d3 Ne7 6. e3 d5 7. cxd5 cxd5 8. Nge2 Nbc6 9. 0-0 Be6 10. h3 0-0 11. f4 f6 12. a3 Qd7 13. Kh2 Rac8 14. b4 exf4 15. Nxf4 Nd8 16. Bb2 f5 17. Nxe6 Qxe6 18. Qb3 Bxc3 19. Qxc3 Rxc3 20. Bxc3 Ndc6 21. e4 dxe4 22. dxe4 Qc4 23. Rac1 Qb3 24. exf5 Nxf5 25. Rfd1 Ne3 26. Rd7 Rd8 27. Rg7+ Kf8 28. Rxb7 Nxg2 29. Kxg2 Qa2+ 30. Kg1 Nd4 31. Bxd4 Qd2 32. Rf1+ Ke8 33. Bc5 Rd7 34. Rf8# 1-0

[Event "LSS SF-2010-0-00070"]
[Site "LSS email"]
[Date "2010.09.08"]
[Round "?"]
[White "Ruchay, Joachim"]
[Black "Plummer, Martin"]
[Result "0-1"]
[WhiteElo "675"]
[BlackElo "979"]
[PlyCount "128"]
[EventDate "2010.08.09"]
[EventType "tourn (corr)"]
[EventRounds "6"]
[EventCountry "GER"]
[SourceTitle "Telechess CBM 145"]
[Source "Chessbase"]
[SourceDate "2011.11.11"]
[SourceVersion "1"]
[SourceVersionDate "2011.11.11"]
[SourceQuality "1"]

1. e4 c5 2. Bc4 Nc6 3. Nf3 a6 4. 0-0 d6 5. Nc3 e6 6. b3 Nf6 7. Bb2 b5 8. Be2 Bb7 9. d3 Be7 10. a4 0-0 11. axb5 axb5 12. Nxb5 Rxa1 13. Qxa1 Qb6 14. Nc3 Ra8 15. Qb1 Nb4 16. Na4 Qa5 17. Bc3 Bc6 18. Nb2 Qb5 19. Re1 Qb7 20. Nd2 Na2 21. Nd1 d5 22. Bb2 Nd7 23. exd5 exd5 24. Bf3 Bg5 25. Ne3 h6 26. g3 d4 27. Bxc6 Qxc6 28. Nec4 Nb4 29. c3 Bxd2 30. Nxd2 dxc3 31. Bxc3 Qd5 32. Bxb4 cxb4 33. Nc4 Rd8 34. Ne3 Qd4 35. Nf5 Qc5 36. Ne3 Ne5 37. Rd1 Nf3+ 38. Kh1 Qc6 39. Rc1 Qb7 40. Ng2 Ne5 41. Rd1 Qf3 42. d4 Ng4 43. Rf1 Nxf2+ 44. Kg1 Nh3+ 45. Kh1 Qd5 46. Qe1 Qxd4 47. Nf4 Nxf4 48. Rxf4 Qd5+ 49. Kg1 Qxb3 50. Qxb4 Qe3+ 51. Rf2 Qc1+ 52. Kg2 Qc6+ 53. Kg1 Rd1+ 54. Rf1 Rxf1+ 55. Kxf1 Qh1+ 56. Kf2 Qxh2+ 57. Kf3 Qh1+ 58. Kf2 Qh2+ 59. Kf3 Qh5+ 60. g4 Qd5+ 61. Kg3 Qd3+ 62. Kg2 f5 63. gxf5 Qxf5 64. Kg3 Kh7 0-1

[Event "ZN-2010-0-01124"]
[Site "LSS email"]
[Date "2010.08.13"]
[Round "?"]
[White "Galvein, Prospero"]
[Black "Ruchay, Joachim"]
[Result "0-1"]
[WhiteElo "471"]
[BlackElo "769"]
[PlyCount "78"]
[EventDate "2010.08.08"]
[EventType "match (corr)"]
[EventRounds "2"]
[EventCountry "GER"]
[SourceTitle "Telechess CBM 143"]
[Source "ChessBase"]
[SourceDate "2011.07.15"]
[SourceVersion "1"]
[SourceVersionDate "2011.07.15"]
[SourceQuality "1"]

1. e4 e6 2. Nf3 d5 3. d3 dxe4 4. Ne5 exd3 5. Qxd3 Qxd3 6. Nxd3 Nf6 7. Nc3 Bb4 8. Bd2 Nbd7 9. a3 Ba5 10. b4 Bb6 11. Be2 c6 12. 0-0 Nd5 13. Nxd5 cxd5 14. Kh1 0-0 15. Bc3 Bc7 16. f4 b6 17. Rf3 Bb7 18. Rg3 g6 19. Ne5 Nxe5 20. Bxe5 Bxe5 21. fxe5 Rac8 22. Bd3 f5 23. exf6 Rxf6 24. Rf1 Rcf8 25. Rxf6 Rxf6 26. h3 e5 27. c4 e4 28. Be2 d4 29. c5 d3 30. Bd1 Rf1+ 31. Kh2 Rxd1 32. h4 Rd2 33. h5 Kf7 34. h6 Re2 35. a4 e3 36. b5 d2 37. Rf3+ Bxf3 38. Kg1 d1Q+ 39. Kh2 Rxg2+ 0-1

[Event "SN-2010-0-00263"]
[Site "LSS email"]
[Date "2010.07.28"]
[Round "?"]
[White "Ruchay, Joachim"]
[Black "Baznik Wilson, Anthony J"]
[Result "0-1"]
[WhiteElo "753"]
[BlackElo "768"]
[PlyCount "50"]
[EventDate "2010.07.11"]
[EventType "tourn (corr)"]
[EventRounds "6"]
[EventCountry "GER"]
[SourceTitle "Telechess CBM 143"]
[Source "ChessBase"]
[SourceDate "2011.07.15"]
[SourceVersion "1"]
[SourceVersionDate "2011.07.15"]
[SourceQuality "1"]

1. e4 d5 2. exd5 Qxd5 3. Nc3 Qe6+ 4. Qe2 Qxe2+ 5. Bxe2 Nc6 6. Nf3 Bg4 7. a3 Nf6 8. h3 Bxf3 9. Bxf3 Nd4 10. Bd1 e5 11. 0-0 0-0-0 12. d3 h6 13. Be3 Bc5 14. Na4 Be7 15. Bxd4 exd4 16. b4 b5 17. Nb2 Kb7 18. Bf3+ c6 19. Rfb1 Kb6 20. Kf1 Bd6 21. Nd1 Rhe8 22. c4 dxc3 23. Nxc3 Be5 24. Rc1 Rxd3 25. Ne4 Bxa1 0-1

[Event "LSS SN-2010-0-00250"]
[Site "LSS email"]
[Date "2010.05.17"]
[Round "?"]
[White "Mori, Roberto"]
[Black "Ruchay, Joachim"]
[Result "1-0"]
[WhiteElo "682"]
[BlackElo "780"]
[PlyCount "35"]
[EventDate "2010.05.03"]
[EventType "tourn (corr)"]
[EventRounds "6"]
[EventCountry "GER"]
[SourceTitle "Telechess CBM 141"]
[Source "ChessBase"]
[SourceDate "2011.03.17"]
[SourceVersion "1"]
[SourceVersionDate "2011.03.17"]
[SourceQuality "1"]

1. e4 e5 2. Nf3 Nc6 3. d4 exd4 4. Nxd4 Nge7 5. Bb5 Nxd4 6. Qxd4 c6 7. Be2 d5 8. Bg5 dxe4 9. Qxe4 Be6 10. 0-0 Qb6 11. b3 Ng6 12. Bc4 c5 13. Na3 Be7 14. Bb5+ Bd7 15. Bxd7+ Kxd7 16. Rad1+ Ke8 17. Nc4 Qe6 18. Qxb7 1-0

[Event "LSS SN-2010-0-00250"]
[Site "LSS email"]
[Date "2010.05.17"]
[Round "?"]
[White "Ruchay, Joachim"]
[Black "Borgen, Rune"]
[Result "1/2-1/2"]
[WhiteElo "686"]
[BlackElo "726"]
[PlyCount "77"]
[EventDate "2010.05.03"]
[EventType "tourn (corr)"]
[EventRounds "6"]
[EventCountry "GER"]
[SourceTitle "Telechess CBM 145"]
[Source "Chessbase"]
[SourceDate "2011.11.11"]
[SourceVersion "1"]
[SourceVersionDate "2011.11.11"]
[SourceQuality "1"]

1. e4 e5 2. Nf3 Nc6 3. Bb5 a6 4. Bxc6 bxc6 5. d3 d6 6. b3 Bg4 7. Bb2 f6 8. Nbd2 d5 9. h3 Bh5 10. 0-0 Bc5 11. g4 Bg6 12. Nh4 Ne7 13. Nf5 Bxf5 14. exf5 Qd6 15. Re1 0-0 16. Qe2 Bb6 17. c4 Ba5 18. Rac1 c5 19. Bc3 Nc6 20. Bxa5 Nxa5 21. Kh1 Nc6 22. Nf3 a5 23. Rc2 Nd4 24. Nxd4 cxd4 25. Qf3 dxc4 26. bxc4 Qb4 27. Rg1 Rac8 28. g5 fxg5 29. Rcc1 c6 30. Rxg5 Qd2 31. Rcg1 g6 32. Qg3 Qf4 33. fxg6 Qf3+ 34. Qxf3 Rxf3 35. gxh7+ Kxh7 36. R5g3 Rxf2 37. R1g2 Rcf8 38. Kh2 R2f4 39. Rg7+ 1/2-1/2